000 01121nam a22003017i 4500
003 EG-GICUC
005 20260121101552.0
008 251230s1953 fr ||||fr|||| 001 0 fre d
040 _aEG-GiCUC
_bfre
_cEG-GiCUC
_dEG-GiCUC
_eRda
041 _afre
082 0 4 _221
_a341.3
_bGA . H
092 0 4 _221
099 _aLaw1 11 341.3 GA . H 1953
100 1 _aGanshof, F. L
_q(François Louis),
_d1895-1980,
_eAuteur
245 1 0 _aHistoire Des Relations Internationales.
_nTome Premier,
_pLe Moyen Age /
_cpar François-L. Ganshof ; Publiée Sous La Direction De Pierre Renouvin.
264 1 _aParis :
_bHachette,
_c1953.
300 _axvii, 331 pages ;
_c24 cm.
336 _2rda contenu
_a texte
337 _2rda medias
_aOrdinateur
338 _2 transporteur rda
_a Ressource en ligne
504 _aIncludes bibliographical references and index
546 _aTexte en français
650 1 4 _aRelations internationales
_xDroit international public
700 1 _aRenouvin, Pierre,
_d1893-1974,
_eContributeur
856 4 0 _uhttps://fll.law.cu.edu.eg/fulltext/bks/B11-06733.pdf
905 _a75
942 _2ddc
_cBK
_e21
_n0
999 _c53293
_d53293